| 000 | 01425cam a22003737i 4500 | ||
|---|---|---|---|
| 001 | 2767 | ||
| 005 | 20240112151540.0 | ||
| 020 | _a9780545503365 (hbk.) | ||
| 020 | _a9780545503389 | ||
| 020 | _a0545503361 (hbk.) | ||
| 040 |
_aYDXCP _beng _cYDXCP _dBTCTA _dBDX _dOCLCQ _dWIM _dKTP _dFOLLT _dOCLCF _dVP@ _erda _dDLC |
||
| 050 | 0 | 0 |
_aPZ7.K8369 _bDr 2015 |
| 082 | 0 | 4 |
_a813.6 _223 |
| 100 | 1 |
_aKorman, Gordon _eauthor. |
|
| 245 | 1 | 4 |
_aThe dragonfly effect / _cGordon Korman |
| 250 | _aFirst printing 2016 | ||
| 260 |
_aNew York : _bScholastic, _c2016 |
||
| 300 |
_a243 pages ; _c20 cm |
||
| 490 | 1 |
_aHypnotists ; _vBook 3 |
|
| 505 | _aO | ||
| 520 |
_a"Is it a gift or is it a curse? Jax Opus can use his color-changing eyes to make people do what he wants. But soon Jax is pulled into a dangerous conspiracy devised by a mysterious group...and now they're going to make Jax do what THEY want." -- _cprovided by publisher. |
||
| 521 |
_a760 _bLexile |
||
| 521 |
_aO _bRaz-Plus |
||
| 650 | 0 |
_aHypnotism _vJuvenile fiction. |
|
| 650 | 0 |
_aMesmerism _vJuvenile fiction. |
|
| 650 | 1 |
_aHypnotism _vFiction. |
|
| 650 | 1 |
_aMesmerism _vFiction. |
|
| 650 | 7 |
_aHypnotism. _2fast _0(OCoLC)fst00965930 |
|
| 650 | 7 |
_aMesmerism. _2fast _0(OCoLC)fst01017315 |
|
| 655 | 7 |
_aFiction. _2fast _0(OCoLC)fst01423787 |
|
| 655 | 7 |
_aJuvenile works. _2fast _0(OCoLC)fst01411637 |
|
| 906 |
_a7 _bcbc _ccopycat _d2 _encip _f20 _gy-gencatlg |
||
| 942 |
_2ddc _cBK _n0 |
||
| 999 |
_c2767 _d2767 |
||